000 00710nam a2200289Ia 4500
005 20260324144401.0
008 008 260324s9999 xx 000 0 eng d
020 _a9781315660639
037 _aEBOOK
040 _aCRL
040 _beng
040 _cCRL
041 _2eng
041 _aeng
084 _qCRL
100 _aJohn E. Tilton; Roderick G. Eggert; Hans H. Landsberg
_91219126
245 0 _aWorld Mineral Exploration
245 0 _bTrends and Economic Issues
260 _bTaylor and Francis
260 _c1988
365 _a
365 _b205
856 _uhttp://www.taylorfrancis.com/books/9781315660639
942 _cEBOOK
999 _c1825673
_d1825673